| 000 | 01168cam a22003614a 4500 | ||
|---|---|---|---|
| 001 | 14535228 | ||
| 005 | 20180823042700.0 | ||
| 007 | co ugu|||||||| | ||
| 008 | 060901s2008 njua b 001 0 eng | ||
| 010 | _a 2006029312 | ||
| 015 |
_aGBA6A1914 _2bnb |
||
| 016 | 7 |
_a101286567 _2DNLM |
|
| 016 | 7 |
_a013618340 _2Uk |
|
| 020 | _a0131714686 | ||
| 020 | _a9780131714687 | ||
| 035 | _a(OCoLC)ocm71273738 | ||
| 035 |
_a(OCoLC)71273738 _z(OCoLC)76935593 _z(OCoLC)85184103 _z(OCoLC)85817607 |
||
| 040 |
_aDNLM/DLC _cDLC _dNLM _dBAKER _dC#P _dYDX _dYDXCP _dUKM _dDLC |
||
| 041 | _aeng | ||
| 042 | _apcc | ||
| 060 | 0 | 0 | _a2007 B-976 |
| 060 | 1 | 0 |
_aWY 100 _bK882 2008 |
| 080 | _a610.73 | ||
| 082 | 0 | 0 |
_a610.73 _222 |
| 100 | _a2 | ||
| 101 | _aNUR | ||
| 245 | 0 | 0 |
_aKozier & Erb's fundamentals of nursing : _cAudrey Berman ... [et al.]. |
| 246 | 3 | 0 | _aFundamentals of nursing |
| 504 | _aIncludes bibliographical references and index. | ||
| 906 |
_a7 _bcbc _corignew _d1 _eecip _f20 _gy-gencatlg |
||
| 942 |
_2ddc _cBK |
||
| 999 |
_c47266 _d47266 |
||